[Event "21. Torneo San Viator 2013"]
[Site "Madrid ESP"]
[Date "2013.10.13"]
[Round "4.48"]
[White "De Castro Vidal, Jose Ignacio"]
[Black "Salgado Duarte, Pablo"]
[Result "1-0"]
[WhiteElo "2050"]
[BlackElo "1551"]
[PlyCount "112"]
[EventDate "2013.09.29"]
[EventType "swiss"]
[EventRounds "9"]
[EventCountry "ESP"]
[SourceTitle "Ajedrez en Madrid"]
[Source "lmi"]
[SourceDate "2013.09.29"]
[SourceVersion "1"]
[SourceVersionDate "2013.12.25"]
[SourceQuality "1"]

1. e4 e5 2. Nc3 Nc6 3. g3 Nf6 4. Bg2 Bc5 5. d3 d6 6. Na4 Bb6 7. Nxb6 axb6 8.
Ne2 Be6 9. O-O h6 10. f4 exf4 11. Nxf4 Qd7 12. Nd5 Bxd5 13. exd5 Ne7 14. c4 O-O
15. Bxh6 Ng4 16. Bh3 f5 17. Bxg4 fxg4 18. Rxf8+ Rxf8 19. Bf4 Ng6 20. Qd2 Qf5
21. Re1 Ne5 22. Bxe5 dxe5 23. Qe2 Re8 24. Qe4 Qg5 25. d4 Qd2 26. Re2 Qc1+ 27.
Kg2 Rf8 28. Re1 Qxb2+ 29. Qe2 Qxd4 30. Kh1 Rf5 31. Rf1 Rxf1+ 32. Qxf1 Qe4+ 33.
Kg1 Qe3+ 34. Kg2 e4 35. Qf2 Qf3+ 36. Qxf3 gxf3+ 37. Kf2 Kf7 38. h4 Kf6 39. g4
Ke5 40. Ke3 g6 41. a3 c6 42. h5 gxh5 43. gxh5 cxd5 44. cxd5 Kxd5 45. h6 Kc4 46.
h7 Kb3 47. h8=Q Kxa3 48. Qa1+ Kb4 49. Kxe4 Kc5 50. Qe5+ Kc6 51. Kxf3 b5 52. Ke4
Kb6 53. Qd4+ Ka5 54. Qa7+ Kb4 55. Qxb7 Ka4 56. Kd3 b4 1-0

[Event "21. Torneo San Viator 2013"]
[Site "Madrid ESP"]
[Date "2013.10.13"]
[Round "4.61"]
[White "Guillo Sanchez-Galiano, Eduardo"]
[Black "Insua Rodriguez, Antonio"]
[Result "0-1"]
[WhiteElo "1309"]
[BlackElo "1527"]
[PlyCount "114"]
[EventDate "2013.09.29"]
[EventType "swiss"]
[EventRounds "9"]
[EventCountry "ESP"]
[SourceTitle "Ajedrez en Madrid"]
[Source "lmi"]
[SourceDate "2013.09.29"]
[SourceVersion "1"]
[SourceVersionDate "2013.12.25"]
[SourceQuality "1"]

1. e4 e6 2. Nc3 d5 3. g3 d4 4. Nb1 Nc6 5. Bb5 Bd7 6. Nf3 a6 7. Be2 Bd6 8. d3
Nge7 9. Nbd2 Ng6 10. Nc4 Bb4+ 11. Bd2 Bxd2+ 12. Qxd2 a5 13. c3 e5 14. O-O f5
15. cxd4 exd4 16. Nce5 Ncxe5 17. Nxe5 Nxe5 18. exf5 O-O 19. Qf4 Nc6 20. Bg4 g6
21. Qe4 Bxf5 22. Bxf5 Rxf5 23. Qe6+ Kg7 24. Qb3 b6 25. Rfe1 Qd5 26. Rac1 Qxb3
27. axb3 Rc5 28. Rxc5 bxc5 29. Rc1 Nb4 30. Rxc5 c6 31. Re5 Kf6 32. Rc5 Ra6 33.
Rc4 Nxd3 34. Kg2 c5 35. Rc2 Rb6 36. Re2 Rxb3 37. Re8 Rxb2 38. Rf8+ Kg7 39. Re8
a4 40. Ra8 Ra2 41. Ra7+ Kh6 42. h4 a3 43. Kf1 Rxf2+ 44. Kg1 Ra2 45. Ra6 Ra1+
46. Kg2 a2 47. g4 Nb4 48. Ra7 Rc1 49. Kf3 Rf1+ 50. Kg3 g5 51. hxg5+ Kxg5 52.
Rg7+ Kh6 53. Ra7 a1=Q 54. g5+ Kg6 55. Rd7 Qc3+ 56. Kg2 Qf3+ 57. Kh2 Rh1# 0-1

[Event "21. Torneo San Viator 2013"]
[Site "Madrid ESP"]
[Date "2013.10.20"]
[Round "5.1"]
[White "Perez Calahorra, Ricardo"]
[Black "Gil Sierra, Jacinto"]
[Result "0-1"]
[WhiteElo "2126"]
[BlackElo "2041"]
[PlyCount "120"]
[EventDate "2013.09.29"]
[EventType "swiss"]
[EventRounds "9"]
[EventCountry "ESP"]
[SourceTitle "Ajedrez en Madrid"]
[Source "lmi"]
[SourceDate "2013.09.29"]
[SourceVersion "1"]
[SourceVersionDate "2013.12.25"]
[SourceQuality "1"]

1. e4 c5 2. c3 d5 3. exd5 Qxd5 4. d4 Nf6 5. Nf3 e6 6. Na3 a6 7. Nc4 Nbd7 8. Be2
cxd4 9. Qxd4 b5 10. Na5 Bc5 11. Qh4 Qe4 12. Qxe4 Nxe4 13. O-O Bb6 14. Nb3 Bb7
15. Nbd4 Ndc5 16. b4 Na4 17. c4 bxc4 18. Bxc4 Rc8 19. Bb3 Nac3 20. Be3 Nd5 21.
Ba4+ Ke7 22. b5 Nxe3 23. fxe3 Nc3 24. Bb3 Nxb5 25. Kh1 Nxd4 26. Nxd4 Rc3 27.
Rae1 Rd8 28. Rf4 Bd5 29. Bxd5 Rxd5 30. g4 Bxd4 31. exd4 Rd3 32. Rb1 R5xd4 33.
Rb7+ Rd7 34. Rxd7+ Rxd7 35. Ra4 Rd6 36. Kg2 e5 37. Kf3 Kf6 38. h4 Ke6 39. Ra5
f6 40. Ke3 g6 41. Kf3 f5 42. g5 Kd7 43. Rxe5 Rd3+ 44. Kf4 Rd4+ 45. Kg3 Rg4+ 46.
Kh3 Ra4 47. Re2 Ra3+ 48. Kg2 Kd6 49. Rc2 Ke5 50. Rb2 f4 51. Kf1 a5 52. Rc2 a4
53. Rb2 Kf5 54. Rh2 f3 55. Rc2 Kg4 56. Rh2 Kg3 57. Rc2 Rd3 58. Rc1 Rd2 59. a3
Rh2 60. Kg1 f2+ 0-1

[Event "21. Torneo San Viator 2013"]
[Site "Madrid ESP"]
[Date "2013.10.20"]
[Round "5.2"]
[White "Luna Hermoso, Angel"]
[Black "Nunez Miranda, Adrian"]
[Result "0-1"]
[WhiteElo "1979"]
[BlackElo "2006"]
[PlyCount "26"]
[EventDate "2013.09.29"]
[EventType "swiss"]
[EventRounds "9"]
[EventCountry "ESP"]
[SourceTitle "Ajedrez en Madrid"]
[Source "lmi"]
[SourceDate "2013.09.29"]
[SourceVersion "1"]
[SourceVersionDate "2013.12.25"]
[SourceQuality "1"]

1. d4 d6 2. Nf3 g6 3. e3 Bg7 4. Bd3 e5 5. O-O f5 6. e4 fxe4 7. Bg5 Qd7 8. Bxe4
d5 9. Bxd5 Qxd5 10. Nc3 Qd6 11. dxe5 Qd7 12. Nd5 c6 13. e6 Qxd5 0-1

[Event "21. Torneo San Viator 2013"]
[Site "Madrid ESP"]
[Date "2013.10.20"]
[Round "5.3"]
[White "Camarero Izquierdo, Juan Carlo"]
[Black "Vallejo Nuno, Jorge"]
[Result "1-0"]
[WhiteElo "1893"]
[BlackElo "2068"]
[PlyCount "90"]
[EventDate "2013.09.29"]
[EventType "swiss"]
[EventRounds "9"]
[EventCountry "ESP"]
[SourceTitle "Ajedrez en Madrid"]
[Source "lmi"]
[SourceDate "2013.09.29"]
[SourceVersion "1"]
[SourceVersionDate "2013.12.25"]
[SourceQuality "1"]

1. d4 d5 2. Nc3 e5 3. dxe5 d4 4. Ne4 Qd5 5. Ng3 Nc6 6. f4 f6 7. e4 Qa5+ 8. Bd2
Qb6 9. exf6 Nxf6 10. e5 Nd5 11. Bd3 Bb4 12. Qh5+ Kf8 13. O-O-O Ba3 14. bxa3 Nc3
15. Be1 g6 16. Qh6+ Kf7 17. Bc4+ Ke8 18. Bxc3 dxc3 19. Bb3 Qc5 20. Rd3 Bg4 21.
Nf3 Bxf3 22. gxf3 Nd4 23. Qg7 Rf8 24. Qxh7 Rd8 25. Qxg6+ Ke7 26. f5 Nxb3+ 27.
Kb1 Nd2+ 28. Ka1 Rxd3 29. f6+ Ke6 30. Qf5+ Kd5 31. e6+ Kc6 32. Qxc5+ Kxc5 33.
cxd3 Rxf6 34. Re1 Rf8 35. e7 Re8 36. Ne4+ Kd4 37. Nf6 Nxf3 38. Nxe8 Nxe1 39.
Nxc7 Kxd3 40. e8=Q Kd2 41. Qd8+ Kc1 42. Qg5+ Kd1 43. Qg1 Kd2 44. Qf2+ Kd1 45.
Qd4+ Kc1 1-0

[Event "21. Torneo San Viator 2013"]
[Site "Madrid ESP"]
[Date "2013.10.20"]
[Round "5.4"]
[White "Renteria, Jorge"]
[Black "Barahona Torrijos, Angel"]
[Result "1-0"]
[WhiteElo "2323"]
[BlackElo "1867"]
[PlyCount "81"]
[EventDate "2013.09.29"]
[EventType "swiss"]
[EventRounds "9"]
[EventCountry "ESP"]
[SourceTitle "Ajedrez en Madrid"]
[Source "lmi"]
[SourceDate "2013.09.29"]
[SourceVersion "1"]
[SourceVersionDate "2013.12.25"]
[SourceQuality "1"]

1. e4 e5 2. Nf3 Nc6 3. d4 exd4 4. Nxd4 Bc5 5. Nxc6 Qf6 6. Qf3 dxc6 7. Bc4 Be6
8. Qxf6 Nxf6 9. Bxe6 fxe6 10. f3 O-O-O 11. Nd2 h6 12. Nb3 Bb6 13. a4 a6 14. Ke2
g5 15. g4 Nd7 16. h4 Rdf8 17. hxg5 Ne5 18. f4 Nxg4 19. gxh6 Nf2 20. Rh5 Nxe4
21. Re5 Ng3+ 22. Kf3 Nf5 23. a5 Ba7 24. Rxe6 Kd7 25. Re1 Rxh6 26. Rd1+ Ke6 27.
Re1+ Kf6 28. Bd2 Rh3+ 29. Ke2 Re8+ 30. Kd1 Rxe1+ 31. Kxe1 Ne3 32. Bxe3 Bxe3 33.
Ra4 Rh2 34. Re4 Bf2+ 35. Kd1 b5 36. Re2 Bg3 37. Rxh2 Bxh2 38. Nc5 Bxf4 39. Nxa6
Bd6 40. Nb8 Bc5 41. Nd7+ 1-0

[Event "21. Torneo San Viator 2013"]
[Site "Madrid ESP"]
[Date "2013.10.20"]
[Round "5.5"]
[White "Zhynguel Ramirez De Verger, Al"]
[Black "Cabanas Bravo, Juan Andres"]
[Result "0-1"]
[WhiteElo "1877"]
[BlackElo "2089"]
[PlyCount "138"]
[EventDate "2013.09.29"]
[EventType "swiss"]
[EventRounds "9"]
[EventCountry "ESP"]
[SourceTitle "Ajedrez en Madrid"]
[Source "lmi"]
[SourceDate "2013.09.29"]
[SourceVersion "1"]
[SourceVersionDate "2013.12.25"]
[SourceQuality "1"]

1. d4 Nf6 2. c4 g6 3. Nc3 d5 4. Nf3 Bg7 5. cxd5 Nxd5 6. e4 Nxc3 7. bxc3 c5 8.
h3 O-O 9. Be2 Qa5 10. Bd2 Rd8 11. Qc2 Bd7 12. O-O Ba4 13. Qc1 Qc7 14. Bf4 Qc8
15. Qe3 cxd4 16. cxd4 b5 17. Rac1 Qa6 18. Rc7 Nd7 19. Bh6 Rac8 20. Rfc1 Rxc7
21. Rxc7 Qa5 22. Rc1 Qb4 23. Bxg7 Kxg7 24. a3 Qd6 25. Qc3 Nb6 26. d5+ f6 27.
Qb4 Rc8 28. Rc6 Rxc6 29. dxc6 a5 30. Qxd6 exd6 31. Nd4 b4 32. axb4 axb4 33. Bb5
Bxb5 34. Nxb5 b3 35. Kf1 b2 36. Nc3 d5 37. f3 dxe4 38. fxe4 Kf7 39. Ke2 Ke6 40.
Kd1 Na4 41. Nb1 Kd6 42. c7 Kxc7 43. Kc2 Kd6 44. Kb3 Nc5+ 45. Kxb2 Nxe4 46. Kc2
Ke5 47. Kd3 Kf4 48. Ke2 h5 49. Na3 Kg3 50. Kf1 Nc3 51. Nc4 Nd1 52. Kg1 h4 53.
Nd2 f5 54. Nf1+ Kf4 55. Nh2 Ne3 56. Kf2 Nd5 57. Nf3 g5 58. Nd4 g4 59. Ne6+ Ke5
60. Ng5 Nc3 61. hxg4 fxg4 62. Kg1 Ne4 63. Nf7+ Kf4 64. Kh2 Nf2 65. Nh6 g3+ 66.
Kg1 h3 67. gxh3 Kf3 68. Ng4 Nxh3+ 69. Kh1 g2+ 0-1

[Event "21. Torneo San Viator 2013"]
[Site "Madrid ESP"]
[Date "2013.10.20"]
[Round "5.6"]
[White "Madurga Lopez, Ignacio"]
[Black "Alonso Vara, Maria"]
[Result "1-0"]
[WhiteElo "2074"]
[BlackElo "1842"]
[PlyCount "41"]
[EventDate "2013.09.29"]
[EventType "swiss"]
[EventRounds "9"]
[EventCountry "ESP"]
[SourceTitle "Ajedrez en Madrid"]
[Source "lmi"]
[SourceDate "2013.09.29"]
[SourceVersion "1"]
[SourceVersionDate "2013.12.25"]
[SourceQuality "1"]

1. e4 c5 2. d4 cxd4 3. c3 dxc3 4. Nxc3 Nc6 5. Nf3 e6 6. Bc4 Nf6 7. Qe2 Qc7 8.
e5 Ng8 9. Bf4 Bb4 10. Rc1 Nge7 11. O-O Ng6 12. Nb5 Qb8 13. Bg3 a6 14. Nd6+ Bxd6
15. exd6 O-O 16. h4 b5 17. Bd3 f5 18. h5 Nh8 19. Rxc6 dxc6 20. d7 f4 21. Ng5
1-0

[Event "21. Torneo San Viator 2013"]
[Site "Madrid ESP"]
[Date "2013.10.20"]
[Round "5.7"]
[White "Gonzalez Mateos, Rafael"]
[Black "Villanueva Ortega, Ruben"]
[Result "0-1"]
[WhiteElo "2006"]
[BlackElo "1782"]
[PlyCount "34"]
[EventDate "2013.09.29"]
[EventType "swiss"]
[EventRounds "9"]
[EventCountry "ESP"]
[SourceTitle "Ajedrez en Madrid"]
[Source "lmi"]
[SourceDate "2013.09.29"]
[SourceVersion "1"]
[SourceVersionDate "2013.12.25"]
[SourceQuality "1"]

1. d4 Nf6 2. c3 g6 3. Bg5 Bg7 4. Nd2 O-O 5. e4 d6 6. Bd3 c5 7. Ngf3 cxd4 8.
cxd4 h6 9. Bh4 Nh5 10. Bg3 Nc6 11. Nb3 Bd7 12. a3 a6 13. Qd2 Rc8 14. d5 Nb8 15.
O-O Nxg3 16. hxg3 Qb6 17. Rab1 Qxb3 0-1

[Event "21. Torneo San Viator 2013"]
[Site "Madrid ESP"]
[Date "2013.10.20"]
[Round "5.8"]
[White "Jimenez Gonzalez, Marcos"]
[Black "Rosa Ramirez, Victor D"]
[Result "1/2-1/2"]
[WhiteElo "1847"]
[BlackElo "1991"]
[PlyCount "78"]
[EventDate "2013.09.29"]
[EventType "swiss"]
[EventRounds "9"]
[EventCountry "ESP"]
[SourceTitle "Ajedrez en Madrid"]
[Source "lmi"]
[SourceDate "2013.09.29"]
[SourceVersion "1"]
[SourceVersionDate "2013.12.25"]
[SourceQuality "1"]

1. b3 e5 2. Bb2 Nc6 3. e3 a6 4. c4 Nf6 5. Nf3 d6 6. Nc3 e4 7. Ng1 Bg4 8. Qb1
Qe7 9. Nge2 Bh5 10. Nf4 Bg6 11. Be2 Ne5 12. O-O h5 13. Nxg6 Nxg6 14. d3 exd3
15. Qxd3 Ne5 16. Qc2 g5 17. Nd5 Nxd5 18. cxd5 Rh6 19. Rac1 O-O-O 20. b4 Kb8 21.
a4 Rc8 22. b5 a5 23. b6 Qd8 24. bxc7+ Rxc7 25. Qb3 Nd7 26. Bd4 Nc5 27. Bxc5
dxc5 28. Rb1 b6 29. d6 Rxd6 30. Qb5 Ka8 31. Rfd1 Rcd7 32. Bf3+ Ka7 33. Rxd6
Rxd6 34. Bxh5 f5 35. Be2 Qc8 36. Qc4 Rc6 37. h3 Bg7 38. Rd1 Rc7 39. Rd6 Be5
1/2-1/2

[Event "21. Torneo San Viator 2013"]
[Site "Madrid ESP"]
[Date "2013.10.20"]
[Round "5.9"]
[White "Tevar Sanz, Gonzalo"]
[Black "Garcia Galeote, Lorenzo"]
[Result "0-1"]
[WhiteElo "1836"]
[BlackElo "1987"]
[PlyCount "112"]
[EventDate "2013.09.29"]
[EventType "swiss"]
[EventRounds "9"]
[EventCountry "ESP"]
[SourceTitle "Ajedrez en Madrid"]
[Source "lmi"]
[SourceDate "2013.09.29"]
[SourceVersion "1"]
[SourceVersionDate "2013.12.25"]
[SourceQuality "1"]

1. d4 b6 2. e4 Bb7 3. Nc3 e6 4. Nf3 d6 5. Be3 Nd7 6. Bd3 g6 7. O-O Bg7 8. Re1
Ne7 9. Qd2 h6 10. Rad1 g5 11. d5 e5 12. h3 Ng6 13. Nh2 O-O 14. Ne2 Nf6 15. Ng3
Bc8 16. Be2 Nf4 17. Bf3 Bd7 18. b3 Kh7 19. Ra1 Ng8 20. Bg4 Ne7 21. Bxd7 Qxd7
22. Qd1 Neg6 23. Nf5 Ne7 24. Nxg7 Kxg7 25. Bxf4 gxf4 26. Qh5 f5 27. c4 Qe8 28.
Qxe8 Raxe8 29. exf5 Nxf5 30. Re4 Rf6 31. Rae1 Rg8 32. Nf3 Rg6 33. R1e2 Kf6 34.
Ne1 Nd4 35. Rb2 f3 36. g3 Kf5 37. Rh4 e4 38. Rf4+ Ke5 39. Rf7 R8g7 40. Rxg7
Rxg7 41. Nc2 Nxc2 42. Rxc2 e3 43. fxe3 Rxg3+ 44. Kh2 Rg7 45. a4 Ke4 46. a5 Kxe3
47. Rc3+ Ke2 48. Rc2+ Kd3 49. Ra2 bxa5 50. Rxa5 f2 51. Ra1 Rg1 52. Rxg1 fxg1=Q+
53. Kxg1 Kc3 54. Kf2 Kxb3 55. c5 dxc5 56. Ke3 c4 0-1

[Event "21. Torneo San Viator 2013"]
[Site "Madrid ESP"]
[Date "2013.10.20"]
[Round "5.10"]
[White "Lianes Garcia, Marcos"]
[Black "Sotoca Aguado, Jose"]
[Result "1/2-1/2"]
[WhiteElo "1775"]
[BlackElo "1961"]
[PlyCount "75"]
[EventDate "2013.09.29"]
[EventType "swiss"]
[EventRounds "9"]
[EventCountry "ESP"]
[SourceTitle "Ajedrez en Madrid"]
[Source "lmi"]
[SourceDate "2013.09.29"]
[SourceVersion "1"]
[SourceVersionDate "2013.12.25"]
[SourceQuality "1"]

1. d4 Nf6 2. c4 e6 3. Nc3 Bb4 4. Bg5 h6 5. Bh4 c5 6. d5 exd5 7. cxd5 g5 8. Bg3
Qe7 9. Qb3 Ne4 10. a3 Bxc3+ 11. bxc3 Qf6 12. Rc1 Nxg3 13. hxg3 d6 14. e3 a6 15.
a4 Nd7 16. Nf3 Kf8 17. Bd3 Kg7 18. Bb1 Rb8 19. c4 Ne5 20. Nxe5 Qxe5 21. Bd3 Bd7
22. Rb1 f5 23. a5 f4 24. Qb2 Qxb2 25. Rxb2 fxe3 26. fxe3 Rhe8 27. Kd2 Rf8 28.
Kc3 Bg4 29. Rhb1 Rf7 30. Rb6 Re8 31. e4 Bc8 32. R1b2 Rd8 33. Re2 Re7 34. Rf2
Rf7 35. Re2 Re7 36. Rb1 Rf8 37. Rbe1 Bg4 38. Rb2 1/2-1/2

[Event "21. Torneo San Viator 2013"]
[Site "Madrid ESP"]
[Date "2013.10.20"]
[Round "5.11"]
[White "Soto Martin, Pablo"]
[Black "Tirado Parra, Alberto"]
[Result "0-1"]
[WhiteElo "1740"]
[BlackElo "1937"]
[PlyCount "112"]
[EventDate "2013.09.29"]
[EventType "swiss"]
[EventRounds "9"]
[EventCountry "ESP"]
[SourceTitle "Ajedrez en Madrid"]
[Source "lmi"]
[SourceDate "2013.09.29"]
[SourceVersion "1"]
[SourceVersionDate "2013.12.25"]
[SourceQuality "1"]

1. e4 e5 2. Nf3 Nc6 3. Bc4 Nf6 4. d3 Be7 5. O-O O-O 6. Re1 d6 7. c3 Kh8 8. Bb3
Ng8 9. d4 exd4 10. cxd4 Bg4 11. Be3 f5 12. exf5 Rxf5 13. Nbd2 Rf8 14. h3 Bh5
15. Qe2 Nf6 16. Qb5 d5 17. Ne5 a6 18. Qd3 Nxe5 19. dxe5 Bg6 20. Qc3 Ne4 21.
Nxe4 Bxe4 22. Rac1 Rc8 23. Bc5 Bxc5 24. Qxc5 Qg5 25. g3 Rf3 26. Rc3 Rcf8 27.
Rxf3 Rxf3 28. Re3 Qf5 29. Qxc7 h5 30. Qd8+ Kh7 31. g4 Qf4 32. Qh4 g6 33. Qe7+
Kh6 34. Rxf3 Bxf3 35. g5+ Qxg5+ 36. Qxg5+ Kxg5 37. Kh2 h4 38. Bc2 Be4 39. Bxe4
dxe4 40. Kg2 Kf5 41. f4 exf3+ 42. Kxf3 g5 43. e6 Kxe6 44. Ke4 b5 45. b4 Kf6 46.
a3 Ke6 47. Kd4 g4 48. Kc5 gxh3 49. Kb6 h2 50. Kxa6 h1=Q 51. Kxb5 Qb7+ 52. Kc5
Qa7+ 53. Kc6 Qxa3 54. b5 Qa8+ 55. Kc7 Kd5 56. b6 Qc6+ 0-1

[Event "21. Torneo San Viator 2013"]
[Site "Madrid ESP"]
[Date "2013.10.20"]
[Round "5.12"]
[White "Perez Bruni, Alfredo"]
[Black "Garcia Martin, Esteban"]
[Result "1/2-1/2"]
[WhiteElo "1726"]
[BlackElo "1892"]
[PlyCount "80"]
[EventDate "2013.09.29"]
[EventType "swiss"]
[EventRounds "9"]
[EventCountry "ESP"]
[SourceTitle "Ajedrez en Madrid"]
[Source "lmi"]
[SourceDate "2013.09.29"]
[SourceVersion "1"]
[SourceVersionDate "2013.12.25"]
[SourceQuality "1"]

1. e4 c5 2. Nf3 d6 3. d4 cxd4 4. Nxd4 Nf6 5. Nc3 g6 6. Be2 Bg7 7. Be3 O-O 8.
Nb3 Nc6 9. f3 a6 10. a4 b6 11. Qd2 Bb7 12. Bh6 Qc7 13. Bxg7 Kxg7 14. g4 e6 15.
g5 Nd7 16. f4 Rad8 17. O-O-O Nc5 18. Nxc5 dxc5 19. Qe3 Nd4 20. h4 b5 21. axb5
axb5 22. Rhf1 Qa5 23. Nb1 Qa4 24. Rd2 b4 25. Bd1 Qc6 26. e5 Nf5 27. Qf2 c4 28.
Bf3 Qxf3 29. Qxf3 Bxf3 30. Rxf3 Nxh4 31. Rh3 Nf5 32. Rdh2 Rh8 33. Nd2 Rc8 34.
Ne4 h5 35. gxh6+ Rxh6 36. Rxh6 Nxh6 37. Nd6 Rc6 38. Ne8+ Kh7 39. Nf6+ Kg7 40.
Ne8+ Kh7 1/2-1/2

[Event "21. Torneo San Viator 2013"]
[Site "Madrid ESP"]
[Date "2013.10.20"]
[Round "5.13"]
[White "Garcia-Ruiz Fuentes, Angel M"]
[Black "Yeves Miquel, Enrique"]
[Result "1/2-1/2"]
[WhiteElo "2042"]
[BlackElo "1713"]
[PlyCount "80"]
[EventDate "2013.09.29"]
[EventType "swiss"]
[EventRounds "9"]
[EventCountry "ESP"]
[SourceTitle "Ajedrez en Madrid"]
[Source "lmi"]
[SourceDate "2013.09.29"]
[SourceVersion "1"]
[SourceVersionDate "2013.12.25"]
[SourceQuality "1"]

1. e4 c5 2. Nf3 e6 3. d4 cxd4 4. Nxd4 Nc6 5. Nc3 Qc7 6. Be2 a6 7. Be3 Nf6 8. a3
b5 9. Nxc6 dxc6 10. f4 Bb7 11. O-O c5 12. e5 Nd5 13. Nxd5 Bxd5 14. Bf3 Bb7 15.
c4 Rd8 16. Qc2 Bxf3 17. Rxf3 Be7 18. cxb5 axb5 19. Rc1 Rd5 20. a4 bxa4 21.
Qxa4+ Qd7 22. Qa8+ Qd8 23. Qc6+ Qd7 24. Qa8+ Qd8 25. Qxd8+ Kxd8 26. Rf2 Kd7 27.
Rfc2 Rb8 28. Bxc5 Rxc5 29. Rxc5 Bxc5+ 30. Rxc5 Rxb2 31. Rc4 h5 32. Kf1 h4 33.
Kg1 g6 34. Rd4+ Ke7 35. Re4 Kf8 36. Kf1 h3 37. gxh3 Rxh2 38. Re3 Kg7 39. Kg1
Ra2 40. Rf3 Kh6 1/2-1/2

[Event "21. Torneo San Viator 2013"]
[Site "Madrid ESP"]
[Date "2013.10.20"]
[Round "5.14"]
[White "Moreno Zamora, Gregorio"]
[Black "Luque Ibanez, Manuel"]
[Result "0-1"]
[WhiteElo "1704"]
[BlackElo "2021"]
[PlyCount "60"]
[EventDate "2013.09.29"]
[EventType "swiss"]
[EventRounds "9"]
[EventCountry "ESP"]
[SourceTitle "Ajedrez en Madrid"]
[Source "lmi"]
[SourceDate "2013.09.29"]
[SourceVersion "1"]
[SourceVersionDate "2013.12.25"]
[SourceQuality "1"]

1. d4 Nf6 2. c4 g6 3. Nc3 Bg7 4. e4 d6 5. Be2 O-O 6. Be3 e5 7. d5 a5 8. h3 Na6
9. Nf3 Nc5 10. Qc2 Nh5 11. O-O-O f5 12. Ne1 Nxe4 13. Nxe4 fxe4 14. Bxh5 gxh5
15. Qe2 Qe8 16. Nc2 Qg6 17. Rdg1 Kh8 18. Bd2 Bh6 19. Ne3 Qf7 20. Be1 Bd7 21.
Kb1 b5 22. g4 Qf3 23. Qd2 bxc4 24. g5 Bxg5 25. Rh2 Bf4 26. Rhg2 Bxh3 27. Rg3
Bxg3 28. Rxg3 Qh1 29. Nc2 Bf5 30. Qh6 Rf7 0-1

[Event "21. Torneo San Viator 2013"]
[Site "Madrid ESP"]
[Date "2013.10.20"]
[Round "5.15"]
[White "Bustos Bernardo, Samuel"]
[Black "Lobato Rivero, Carlos"]
[Result "1/2-1/2"]
[WhiteElo "1686"]
[BlackElo "2007"]
[PlyCount "48"]
[EventDate "2013.09.29"]
[EventType "swiss"]
[EventRounds "9"]
[EventCountry "ESP"]
[SourceTitle "Ajedrez en Madrid"]
[Source "lmi"]
[SourceDate "2013.09.29"]
[SourceVersion "1"]
[SourceVersionDate "2013.12.25"]
[SourceQuality "1"]

1. Nf3 g6 2. c4 Bg7 3. Nc3 Nf6 4. e4 d6 5. Be2 e5 6. d4 Nbd7 7. O-O O-O 8. Re1
Re8 9. Bf1 h6 10. Rb1 b6 11. b4 a5 12. a3 axb4 13. axb4 Bb7 14. d5 Nh5 15. Be3
Ba6 16. Nd2 Rf8 17. Nb3 Qe7 18. Nb5 Rfc8 19. Qc1 c6 20. dxc6 Rxc6 21. Qd2 Kh7
22. Red1 Qf8 23. Na3 Bb7 24. Nc2 f5 1/2-1/2

[Event "21. Torneo San Viator 2013"]
[Site "Madrid ESP"]
[Date "2013.10.20"]
[Round "5.16"]
[White "Ruiz Sanchez, Roberto"]
[Black "Dorado Reboredo, Jose Maria"]
[Result "1-0"]
[WhiteElo "1972"]
[BlackElo "1678"]
[PlyCount "95"]
[EventDate "2013.09.29"]
[EventType "swiss"]
[EventRounds "9"]
[EventCountry "ESP"]
[SourceTitle "Ajedrez en Madrid"]
[Source "lmi"]
[SourceDate "2013.09.29"]
[SourceVersion "1"]
[SourceVersionDate "2013.12.25"]
[SourceQuality "1"]

1. e4 d5 2. exd5 Qxd5 3. Nc3 Qa5 4. d4 c6 5. Nf3 Nf6 6. Bc4 Bf5 7. Bd2 e6 8.
Nd5 Qd8 9. Nxf6+ gxf6 10. Bb3 Nd7 11. Qe2 Qc7 12. Nh4 Bg6 13. O-O-O O-O-O 14.
g3 Kb8 15. Kb1 Ka8 16. Ka1 Bd6 17. Rdf1 f5 18. Bg5 Rde8 19. Re1 Be7 20. Bxe7
Rxe7 21. Qd2 Nf6 22. f3 Rd7 23. Qg5 Nd5 24. c3 Qa5 25. Nxg6 hxg6 26. h4 Rhd8
27. g4 fxg4 28. fxg4 Qc7 29. h5 gxh5 30. gxh5 f6 31. Qh4 e5 32. h6 exd4 33. h7
Rh8 34. Bxd5 cxd5 35. Qxf6 Qd8 36. Qxd8+ Rdxd8 37. cxd4 Rdf8 38. Kb1 a6 39. Re7
Ka7 40. Rg1 Kb6 41. Rgg7 Rf1+ 42. Kc2 Rc8+ 43. Kd2 Rf2+ 44. Re2 Rf4 45. Re6+
Ka7 46. Rg8 Rf2+ 47. Re2 Rff8 48. Reg2 1-0

[Event "21. Torneo San Viator 2013"]
[Site "Madrid ESP"]
[Date "2013.10.20"]
[Round "5.17"]
[White "Gil Calvente, Jose Antonio"]
[Black "Marcos Herrero, Francisco"]
[Result "0-1"]
[WhiteElo "1661"]
[BlackElo "1949"]
[PlyCount "72"]
[EventDate "2013.09.29"]
[EventType "swiss"]
[EventRounds "9"]
[EventCountry "ESP"]
[SourceTitle "Ajedrez en Madrid"]
[Source "lmi"]
[SourceDate "2013.09.29"]
[SourceVersion "1"]
[SourceVersionDate "2013.12.25"]
[SourceQuality "1"]

1. e4 c5 2. Nc3 d6 3. Bb5+ Nd7 4. d3 g6 5. f4 Bg7 6. Nf3 a6 7. Ba4 b5 8. Bb3 b4
9. Ne2 Ngf6 10. O-O Bb7 11. Qe1 Qb6 12. Kh1 e6 13. Ng3 a5 14. a4 O-O-O 15. Ra2
h5 16. h4 Ng4 17. Ng5 Rhf8 18. f5 Be5 19. Bf4 exf5 20. Nxf7 Rde8 21. Nxe5 Ndxe5
22. exf5 gxf5 23. Qd2 Ng6 24. Bg5 f4 25. Ne4 Qc6 26. Raa1 d5 27. Nf2 Ne3 28.
Rg1 Ne5 29. Rae1 N5g4 30. Nxg4 hxg4 31. Qf2 d4 32. Re2 f3 33. gxf3 Qxf3+ 34.
Qxf3 Bxf3+ 35. Reg2 Nxg2 36. Rxg2 Re2 0-1

[Event "21. Torneo San Viator 2013"]
[Site "Madrid ESP"]
[Date "2013.10.20"]
[Round "5.19"]
[White "Sorribes Calle, Pablo"]
[Black "Pindado Campos, Raul"]
[Result "0-1"]
[WhiteElo "1682"]
[BlackElo "1903"]
[PlyCount "59"]
[EventDate "2013.09.29"]
[EventType "swiss"]
[EventRounds "9"]
[EventCountry "ESP"]
[SourceTitle "Ajedrez en Madrid"]
[Source "lmi"]
[SourceDate "2013.09.29"]
[SourceVersion "1"]
[SourceVersionDate "2013.12.25"]
[SourceQuality "1"]

1. d4 d5 2. c4 dxc4 3. Nf3 e6 4. e3 c5 5. Bxc4 cxd4 6. Nxd4 Bd7 7. O-O Qc7 8.
b3 Nc6 9. Bb2 Nxd4 10. Bxd4 Nf6 11. Nc3 a6 12. Rc1 Bc6 13. Qe2 e5 14. Nd5 Nxd5
15. Bxd5 exd4 16. exd4+ Kd8 17. Qf3 Rc8 18. Rfe1 Qd7 19. Re5 Bd6 20. Bxc6 Rxc6
21. Rd1 Kc8 22. Re2 Kb8 23. Rb1 Rhc8 24. g3 g6 25. a3 h5 26. b4 Rc3 27. Re3
R3c7 28. Kg2 h4 29. a4 h3+ 30. Kg1 0-1